000 00288nam a22001337a 4500
008 170929b xxu||||| |||| 00| 0 eng d
020 _a9780321015921
041 _aeng
080 _23RD
_a37
100 _a47
101 _aEDU
245 _aREADING CULTURE
_cGEORGE,D
942 _2udc
_cBK
999 _c30806
_d30806